000 01035nam2a22002411 4500
001 v19\rc\1204079
005 20250617214636.0
035 _a(NLR Aleph) 004369004
090 _a3473464
_c3473464
100 _a20060306d1868 |||y0rusy50 ca
101 0 _arus
102 _aRU
105 _ay z |||||
200 0 _aна 1869 год
210 _d[1868]
_aБ. м.
215 _a6 л.
461 0 _1001v19\rc\1204073
_12001#$aФинансовая смета 3-го Отделения Собственной е. и. в. канцелярии...$vна 1869 год$90
_93473389
_aРоссия (3). Собственная Его Императорского Величества канцелярия (3)
_cСанкт-Петербург
_d1867-1879
_tФинансовая смета 3-го Отделения Собственной е. и. в. канцелярии...
_vна 1869 год$90
801 0 _aRU
_bNLR
_gpsbo
801 1 _aRU
_bProSoft-M
_2rusmarc
852 _aNLR
_j18.204.2.127
852 _aNLR
_j18.240.3.55
942 _cBOOK
980 _aNB